Statystyki dla Państwa Członkowskie - OSCE

Kliknij tutaj aby rozwiązać quiz!

Ogólne statystyki

  • Ten quiz został rozwiązany 12 razy
  • Średni wynik to 51 z 57

Statystyki odpowiedzi

Państwo% Poprawnych
Estonia
100%
Finlandia
100%
Litwa
100%
Łotwa
100%
Polska
100%
Albania
91%
Andora
91%
Armenia
91%
Austria
91%
Azerbejdżan
91%
Belgia
91%
Białoruś
91%
Bośnia i Hercegowina
91%
Bułgaria
91%
Chorwacja
91%
Cypr
91%
Czarnogóra
91%
Dania
91%
Francja
91%
Grecja
91%
Gruzja
91%
Hiszpania
91%
Holandia
91%
Kanada
91%
Luksemburg
91%
Macedonia Północna
91%
Mołdawia
91%
Monako
91%
Niemcy
91%
Norwegia
91%
Portugalia
91%
Rosja
91%
Rumunia
91%
Serbia
91%
Słowacja
91%
Słowenia
91%
Stany Zjednoczone
91%
Turcja
91%
Ukraina
91%
Watykan
91%
Węgry
91%
Wielka Brytania
91%
Włochy
91%
Czechy
82%
Irlandia
82%
Kazachstan
82%
Liechtenstein
82%
Malta
82%
San Marino
82%
Szwajcaria
82%
Szwecja
82%
Tadżykistan
82%
Turkmenistan
82%
Uzbekistan
82%
Islandia
73%
Kirgistan
73%
Mongolia
55%

Rozkład punktacji

Percentyl według liczby udzielonych odpowiedzi

Procent ludzi z każdym wynikiem

Twoja historia wyników

Nie rozwiązałeś tego quizu